=LDR 00000nam 2200000 4500 =001 INLIS000000000022561 =005 20200313015613 =035 ##$$a 0010-061300000022561 =008 200313################g##########0#ind## =041 ##$$a ind =082 ##$$a 297.51 =090 ##$$a 297.51 Ida p =100 ##$$a Idan, Abdullah bin abdul aziz al =245 1#$$a Pembinaan Diri, Meraih hidup seindah impian di bawah naungan Ilahi, Abdullah bin Abdul Aziz Al-'Idan; penerjemah, Sarbeni /$c Abdullah bin Abdul Aziz Al-'Idan; penerjemah, Sarbeni; Editor Ahmad zubaidi =260 ##$$a Jakarta :$b Al- Mawardi Prima,$c 2004 =300 ##$$a vii, 89 hlm ; $c 17, 5 x 11 cm =650 #4$$a Pendidikan Islam =850 ##$$a NBPNMAT =084 ##$$a 297.51 IDA p =250 ##$$a Cet. 1 =990 ##$$a 21601772/BPAP-NTB/2017 =990 ##$$a 30502044